| 000 | 00524nam a2200157 a 4500 | ||
|---|---|---|---|
| 001 | 000033723 | ||
| 005 | 20200930070453.0 | ||
| 008 | 110907s1797 sp 000 0 spa d | ||
| 040 |
_aDO-SdBNP _bspa _cBNPHU |
||
| 082 |
_axxxx _bP438t |
||
| 100 | 1 |
_aPérez y López, Antonio Javier, _d1736-1792 _959167 |
|
| 245 | 1 | 0 |
_aTeatro de la legislación universal de Indias / _cAntonio Javier Pérez y López. |
| 260 |
_aMadrid : _bImprenta de Don Antonio Espinosa, _c1797. |
||
| 300 | _av. | ||
| 500 | _aLa biblioteca posee el volumen 23 | ||
| 999 |
_c33214 _d33214 |
||